• 首页
  • 本馆介绍
  • 公告通知
  • 最新文献
  • 馆藏检索
  • 电子资源
  • 读者导购
  • 参考咨询
  • 我的图书馆
  • 登录
  • 详细信息显示
  • 放入我的书架
  • 预约/预借图书
  • 作者相关作品
  • 分类相关作品
  • 丛书相关作品
  • 出版社相关作品

书目信息

  • 表格格式
  • 工作单格式
  • 卡片格式
题名:
体验教育
    
 
作者: 赵勇 主编
分册:  
出版信息: 北京   中国青年出版社  2002
页数: 265页
开本: 21cm
丛书名:
单 册:
中图分类: D432.51
科图分类:
主题词: CT--S038810--教育工作
电子资源:
ISBN: 7-5006-2799-8
000 00778nam0 2200253 45
001 012002024767
005 20031219104120.9
010    @a7-5006-2799-8@dCNY16.00
100    @a20020321d2002 em y0chiy0110 ea
101 0  @achi
102    @aCN@b110000
105    @ay z 000yy
106    @ar
200 1  @a体验教育@9ti yan jiao yu@f赵勇主编
210    @a北京@c中国青年出版社@d2002
215    @a265页@d21cm
330    @a本书是体验教育研究的理论成果,对体验教育的提出、体验教育的内涵、体验教育的实施都做了阐述。
601 02 @a中国少年先锋队@x教育工作@x研究
601 02 @2CT@3S096299@a中国少年先锋队
606 0  @2CT@3S038810@a教育工作
690    @aD432.51@v4
701  0 @a赵勇@9zhao yong@4主编
801    @aCN@bTSTC@c20031026
905    @a213230@b327558-561@dD432.51@e147@f4
    
    体验教育/赵勇主编.-北京:中国青年出版社,2002
    265页;21cm
    
    
    ISBN 7-5006-2799-8:CNY16.00
    本书是体验教育研究的理论成果,对体验教育的提出、体验教育的内涵、体验教育的实施都做了阐述。
●
相关链接 在E读中查询图书 在五车中查询图书 在当当中查询图书 在豆瓣中查询图书


正题名:体验教育     索取号:D432.51/147         预约/预借

序号 登录号 条形码 馆藏地/架位号 状态 备注
1 0327558   203275589   第一借阅区/ [索取号:D432.51/147] 在馆    
2 0327559   203275598   第一借阅区/ [索取号:D432.51/147] 在馆    
3 0327560   203275605   第一借阅区/ [索取号:D432.51/147] 在馆    
4 0327561   203275614   第一样本阅览室/ [索取号:D432.51/147] 在馆    
唐山师范学院图书馆 欢迎您!
大连网信软件有限公司© 版权所有